| 000 | 00689nam a22002057a 4500 | ||
|---|---|---|---|
| 003 | OSt | ||
| 005 | 20250828141710.0 | ||
| 008 | 250828b |||||||| |||| 00| 0 eng d | ||
| 020 | _a0312-26037-7 | ||
| 040 | _cOC | ||
| 082 | _aCirc. 428.2 H118 1999 | ||
| 100 | _aHacker, D. | ||
| 245 | _aA writer's references, 4th ed. | ||
| 260 |
_a[ no place of publication ] _b[ no publisher ] _cc1999 |
||
| 300 |
_axxiv, 424 pages : _c21 cm. |
||
| 504 | _aIncludes index | ||
| 650 | _2English language--rhetoric-handbook, manual, etc. | ||
| 650 | _2Report writing--handbook, manuals, etc. | ||
| 942 |
_2ddc _cBK-CIRC _e4th edition _hCirc. 428.2 H118 1999 _kCirc. _n0 |
||
| 999 |
_c4310 _d4310 |
||